Click the Dr. Seuss Book Title Ending - Statistics

General Stats
  • This quiz has been taken 90 times
    82 since last reset
  • The average score is 22 of 28
Answer Stats
Hint Answer % Correct
One Fish, Two Fish, Red Fish, Blue Fish
100%
Did I Ever Tell You How Lucky You Are?
98%
How the Grinch Stole Christmas!
98%
Yertle the Turtle
98%
The Cat in the Hat
97%
There's a Wocket in My Pocket
97%
Oh, the Places You'll Go!
95%
Horton Hatches the Egg
93%
Green Eggs and Ham
93%
Hunches in Bunches
92%
And to Think That I Saw It on Mulberry Street
90%
Fox in Socks
88%
Oh, the Thinks You Can Think!
88%
Horton Hears a Who!
88%
Mr. Brown Can Moo! Can You?
88%
If I Ran the Zoo
83%
Thidwick the Big-Hearted Moose
80%
Because a Little Bug Went Ka-Choo!!
75%
I Can Lick 30 Tigers Today!
68%
Ten Apples Up On Top!
68%
Marvin K. Mooney Will You Please Go Now!
67%
Hop on Pop
60%
The 500 Hats of Bartholomew Cubbins
55%
Gertrude McFuzz
55%
The King's Stilts
55%
Daisy-Head Mayzie
48%
Bartholomew and the Oobleck
45%
McElligot's Pool
37%
No matching quizzes found
Score Distribution
Percent of People with Each Score
Percentile by Number Answered
Your Score History
You have not taken this quiz since the last reset